| Поле | Инд. | ПП | Название | Значение |
|---|---|---|---|---|
| Тип записи | a | |||
| Библиографический уровень | m | |||
| 001 | Контрольный номер | ae21f64fe1e64debb98c83f62dc4008a | ||
| 005 | Дата корректировки | 20210601150608.1 | ||
| 008 | Кодируемые данные | 210601s1989 ru |||||||||||000|||rus|d | ||
| 040 | a | Служба первич. каталог. | ЦГБ г. В. Луки | |
| b | Код языка каталог. | rus | ||
| 041 | 0_ | a | Код языка текста | rus |
| 084 | 2 | Источник индекса | rubbk | |
| a | Индекс другой классификации/Индекс ББК | 65.9(2) | ||
| 090 | x | Авторский знак | О-53 | |
| j | Имя библиотеки | ЦГБ г. В. Луки | ||
| 097 | b | Оператор | КЕИ-р | |
| 100 | 1_ | a | Автор | Олдак П. Г. |
| 245 | 10 | a | Заглавие | Формирование современного экономического мышления |
| c | Ответственность | П. Г. Олдак | ||
| 260 | a | Место издания | Новосибирск | |
| b | Издательство | Наука | ||
| c | Дата издания | 1989 | ||
| 300 | a | Объем | 160 с. | |
| 490 | 00 | a | Заглавие серии | Научно-популярная литература. Серия "Экономика социализма" |
| 650 | 14 | a | Основная рубрика | Экономика |
| 653 | 1_ | a | Ключевые слова | экономика |
| 901 | t | Тип документа | m |